Rugby - championnat du monde U20 2023 - Statistiques

Statistiques générales
  • Ce quiz a été pris 75 fois
  • Le résultat moyen est 11 sur 30
Statistiques - réponses
Poste Joueur % Correct
Demi d'ouverture Hugo Reus
82%
Centre Paul Costes
68%
Demi de mêlée Baptiste Jauneau
66%
2ème ligne Posolo Tuilagi
66%
Centre Nicolas Depoortere
60%
3ème ligne Lenni Nouchi
58%
2ème ligne Hugo Auradou
55%
Demi de mêlée Léo Carbonneau
55%
3ème ligne Oscar Jegou
55%
3ème ligne Marko Gazzotti
52%
Arrière Mathis Ferté
52%
Pilier Zaccharie Affane
44%
Pilier Lino Julien
40%
Talonneur Barnabé Massa
37%
Arrière Théo Attissogbe
37%
3ème ligne Mathis Castro-Ferreira
34%
Ailier Léo Drouet
27%
Ailier Maël Moustin
27%
Talonneur Thomas Lacombre
26%
Pilier Louis Penverne
24%
3ème ligne Andy Timo
23%
Demi d'ouverture Clément Mondinat
23%
Pilier Thomas Duchene
21%
Centre Arthur Mathiron
18%
2ème ligne Esteban Capilla
16%
Talonneur Pierre Jouvin
16%
2ème ligne Brent Liufau
15%
Pilier Alexandre Kaddouri
11%
Centre Léon Darricarrere
11%
Centre Noah Zinzen
11%
Aucun quiz correspondant
Distribution des résultats
% des personnes avec chaque résultat
Percentile par nombre de réponses
Votre historique - résultats
Vous n’avez pas pris ce quiz